|
|
|
|
| LEADER |
00000nam a2200000 a 4500 |
| 001 |
vtls008187108 |
| 003 |
SK-MaSNL |
| 005 |
20260302074053.0 |
| 007 |
co cgu uuuua |
| 008 |
050729s2005 xo fsa 100 0 slo |
| 015 |
|
|
|a SNBS2007
|
| 020 |
|
|
|a 808069530X (CDROM)
|
| 040 |
|
|
|a SNK
|b slo
|c SNK
|e AACR2
|
| 041 |
0 |
|
|a slo
|
| 044 |
|
|
|a xo
|c SK
|
| 072 |
|
7 |
|a 636
|x Živočíšna výroba
|2 konspekt
|
| 080 |
|
|
|a 636.1/.9
|2 2001
|
| 080 |
|
|
|a 636.084.4
|2 2001
|
| 080 |
|
|
|a (063)
|2 2001
|
| 080 |
|
|
|a (048.4)
|2 2001
|
| 080 |
|
|
|a (0.034.44)
|2 2001
|
| 111 |
2 |
|
|a Dni výživy zvierat
|d (2005 :
|c Západné Tatry, Račkova dolina, Slovensko)
|9 82511
|
| 245 |
1 |
0 |
|a Dni výživy zvierat
|h elektronický zdroj
|b zborník z medzinárodnej vedeckej konferencie 16.-17. jún 2005 Západné Tatry, Račkova dolina
|
| 250 |
|
|
|a 1. vyd.
|
| 256 |
|
|
|a Elektronické dokumenty
|
| 260 |
|
|
|a Nitra
|b Slovenská poľnohospodárska univerzita
|c 2005
|
| 300 |
|
|
|a 1 elektronický optický disk (CD-ROM)
|c 12 cm
|
| 516 |
|
|
|a Textové informácie
|
| 650 |
0 |
7 |
|a zvieratá
|2 SNKPH
|9 1091
|
| 650 |
0 |
7 |
|a výživa zvierat
|2 SNKPH
|9 19194
|
| 655 |
|
7 |
|a zborníky konferencií
|2 SNKPH
|9 70153
|
| 655 |
|
7 |
|a prehľady
|2 SNKPH
|9 70194
|
| 655 |
|
7 |
|a CD-ROM
|2 SNKPH
|9 70236
|
| 919 |
|
|
|a ISBN 80-8069-530-X
|
| 999 |
|
|
|c 1163564
|d 1165494
|
| 952 |
|
|
|a SNK
|b SNK
|y PREZ
|7 0
|p 17A0479798
|o snkSCDM 687
|i snk2005/13380
|8 0
|0 0
|1 0
|4 0
|d 2005-07-29
|l 0
|r 2026-02-24 20:40:43
|w 2026-02-24
|